<?xml version="1.0" encoding="UTF-8"?>
<record
    xmlns:xsi="http://www.w3.org/2001/XMLSchema-instance"
    xsi:schemaLocation="http://www.loc.gov/MARC21/slim http://www.loc.gov/standards/marcxml/schema/MARC21slim.xsd"
    xmlns="http://www.loc.gov/MARC21/slim">

  <leader>00626nam a22001337a 4500</leader>
  <datafield tag="040" ind1=" " ind2=" ">
    <subfield code="c">RUA</subfield>
  </datafield>
  <datafield tag="082" ind1=" " ind2=" ">
    <subfield code="a">AVM HOR 2011 B097 Or.1</subfield>
  </datafield>
  <datafield tag="100" ind1=" " ind2=" ">
    <subfield code="a">HORL, VOENG.</subfield>
  </datafield>
  <datafield tag="245" ind1=" " ind2=" ">
    <subfield code="a">study on food and mouth disease in cattle in kanal steung district, kandal province, &#x1780;&#x17B6;&#x179A;&#x179F;&#x17B7;&#x1780;&#x17D2;&#x179F;&#x17B6;&#x1796;&#x17B8;&#x1787;&#x17C6;&#x1784;&#x17BA;&#x17A2;&#x17CA;&#x17BB;&#x178F;&#x1780;&#x17D2;&#x178F;&#x17B6;&#x1798;&#x179B;&#x17BE;&#x1782;&#x17C4; &#x1793;&#x17C5;&#x1780;&#x17D2;&#x1793;&#x17BB;&#x1784;&#x179F;&#x17D2;&#x179A;&#x17BB;&#x1780;&#x1780;&#x178E;&#x17D2;&#x178F;&#x17B6;&#x179B;&#x179F;&#x17D2;&#x1791;&#x17B9;&#x1784; &#x1781;&#x17C1;&#x178F;&#x17D2;&#x178F;&#x1780;&#x178E;&#x17D2;&#x178F;&#x17B6;&#x179B; </subfield>
  </datafield>
  <datafield tag="260" ind1=" " ind2=" ">
    <subfield code="a">Phnom Penh</subfield>
    <subfield code="b">RUA</subfield>
    <subfield code="c">2011</subfield>
  </datafield>
  <datafield tag="300" ind1=" " ind2=" ">
    <subfield code="a">x; 35p.</subfield>
    <subfield code="b">ill.</subfield>
    <subfield code="c">29cm.</subfield>
  </datafield>
  <datafield tag="856" ind1=" " ind2=" ">
    <subfield code="u">https://drive.google.com/file/d/10m1nC9udZNmd70cfZIjf09UxFPEU8tGF/view?usp=sharing</subfield>
  </datafield>
  <datafield tag="942" ind1=" " ind2=" ">
    <subfield code="c">AVM</subfield>
  </datafield>
  <datafield tag="999" ind1=" " ind2=" ">
    <subfield code="c">2477</subfield>
    <subfield code="d">2477</subfield>
  </datafield>
  <datafield tag="952" ind1=" " ind2=" ">
    <subfield code="0">0</subfield>
    <subfield code="1">0</subfield>
    <subfield code="2">ddc</subfield>
    <subfield code="4">0</subfield>
    <subfield code="6">AVM_HOR_2011_000000000000000_B097_OR_1</subfield>
    <subfield code="7">0</subfield>
    <subfield code="9">11284</subfield>
    <subfield code="a">LBB</subfield>
    <subfield code="b">LBB</subfield>
    <subfield code="c">B097</subfield>
    <subfield code="d">2015-10-21</subfield>
    <subfield code="o">AVM HOR 2011 B097 Or.1</subfield>
    <subfield code="p">RUA019382</subfield>
    <subfield code="r">2015-10-21</subfield>
    <subfield code="w">2015-10-21</subfield>
    <subfield code="y">AVM</subfield>
  </datafield>
  <datafield tag="952" ind1=" " ind2=" ">
    <subfield code="0">0</subfield>
    <subfield code="1">0</subfield>
    <subfield code="2">ddc</subfield>
    <subfield code="4">0</subfield>
    <subfield code="6">AVM_HOR_2011_000000000000000_B097_OR_2</subfield>
    <subfield code="7">0</subfield>
    <subfield code="9">11285</subfield>
    <subfield code="a">LBB</subfield>
    <subfield code="b">LBB</subfield>
    <subfield code="c">B097</subfield>
    <subfield code="d">2015-10-21</subfield>
    <subfield code="o">AVM HOR 2011 B097 Or.2</subfield>
    <subfield code="p">RUA019454</subfield>
    <subfield code="r">2015-10-21</subfield>
    <subfield code="w">2015-10-21</subfield>
    <subfield code="y">AVM</subfield>
  </datafield>
  <datafield tag="952" ind1=" " ind2=" ">
    <subfield code="0">0</subfield>
    <subfield code="1">0</subfield>
    <subfield code="2">ddc</subfield>
    <subfield code="4">0</subfield>
    <subfield code="6">AVM_HOR_2011_000000000000000_B097_OR_3</subfield>
    <subfield code="7">0</subfield>
    <subfield code="9">11286</subfield>
    <subfield code="a">LBB</subfield>
    <subfield code="b">LBB</subfield>
    <subfield code="c">B097</subfield>
    <subfield code="d">2015-10-21</subfield>
    <subfield code="o">AVM HOR 2011 B097 Or.3</subfield>
    <subfield code="p">RUA019408</subfield>
    <subfield code="r">2017-07-25</subfield>
    <subfield code="w">2015-10-21</subfield>
    <subfield code="y">AVM</subfield>
  </datafield>
  <datafield tag="952" ind1=" " ind2=" ">
    <subfield code="0">0</subfield>
    <subfield code="1">0</subfield>
    <subfield code="2">ddc</subfield>
    <subfield code="4">0</subfield>
    <subfield code="6">AVM_HOR_2011_000000000000000_B097_OR_4</subfield>
    <subfield code="7">0</subfield>
    <subfield code="9">11287</subfield>
    <subfield code="a">LBB</subfield>
    <subfield code="b">LBB</subfield>
    <subfield code="c">B097</subfield>
    <subfield code="d">2015-10-21</subfield>
    <subfield code="l">1</subfield>
    <subfield code="o">AVM HOR 2011 B097 Or.4</subfield>
    <subfield code="p">RUA019480</subfield>
    <subfield code="r">2016-04-23</subfield>
    <subfield code="s">2016-03-31</subfield>
    <subfield code="w">2015-10-21</subfield>
    <subfield code="y">AVM</subfield>
  </datafield>
  <datafield tag="952" ind1=" " ind2=" ">
    <subfield code="0">0</subfield>
    <subfield code="1">0</subfield>
    <subfield code="2">ddc</subfield>
    <subfield code="4">0</subfield>
    <subfield code="6">AVM_HOR_2011_000000000000000_B097_OR_5</subfield>
    <subfield code="7">0</subfield>
    <subfield code="9">11288</subfield>
    <subfield code="a">LBB</subfield>
    <subfield code="b">LBB</subfield>
    <subfield code="c">B097</subfield>
    <subfield code="d">2015-10-21</subfield>
    <subfield code="o">AVM HOR 2011 B097 Or.5</subfield>
    <subfield code="p">RUA017485</subfield>
    <subfield code="r">2015-10-21</subfield>
    <subfield code="w">2015-10-21</subfield>
    <subfield code="y">AVM</subfield>
  </datafield>
  <datafield tag="952" ind1=" " ind2=" ">
    <subfield code="0">0</subfield>
    <subfield code="1">0</subfield>
    <subfield code="2">ddc</subfield>
    <subfield code="4">0</subfield>
    <subfield code="6">AVM_HOR_2011_000000000000000_B097_OR_6</subfield>
    <subfield code="7">0</subfield>
    <subfield code="9">11289</subfield>
    <subfield code="a">LBB</subfield>
    <subfield code="b">LBB</subfield>
    <subfield code="c">B097</subfield>
    <subfield code="d">2015-10-21</subfield>
    <subfield code="o">AVM HOR 2011 B097 Or.6</subfield>
    <subfield code="p">RUA017487</subfield>
    <subfield code="r">2015-10-21</subfield>
    <subfield code="w">2015-10-21</subfield>
    <subfield code="y">AVM</subfield>
  </datafield>
  <datafield tag="952" ind1=" " ind2=" ">
    <subfield code="0">0</subfield>
    <subfield code="1">0</subfield>
    <subfield code="2">ddc</subfield>
    <subfield code="4">0</subfield>
    <subfield code="6">AVM_HOR_2011_000000000000000_B097_OR_7</subfield>
    <subfield code="7">0</subfield>
    <subfield code="9">13732</subfield>
    <subfield code="a">LBB</subfield>
    <subfield code="b">LBB</subfield>
    <subfield code="c">B097</subfield>
    <subfield code="d">2015-10-28</subfield>
    <subfield code="o">AVM HOR 2011 B097 Or.7</subfield>
    <subfield code="r">2015-10-28</subfield>
    <subfield code="w">2015-10-28</subfield>
    <subfield code="y">AVM</subfield>
  </datafield>
</record>
